Normal view
MARC view
Entry Personal Name
001 - CONTROL NUMBER
- control field: 28567
003 - CONTROL NUMBER IDENTIFIER
- control field: OSt
005 - DATE AND TIME OF LATEST TRANSACTION
- control field: 20240926104158.0
008 - FIXED-LENGTH DATA ELEMENTS
- fixed length control field: 240926|| aca||aabn | a|a d
040 ## - CATALOGING SOURCE
- Original cataloging agency: OSt
- Transcribing agency: OSt
100 ## - HEADING--PERSONAL NAME
- Personal name: Riordan, Rick.
670 ## - SOURCE DATA FOUND
- Source citation: Work cat.: (OSt): Riordan, Rick. , Magnus Chase and the Gods of Asgard : 9 from the nine worlds /, 2018